Biology Cell biology and genetics,Exloring life. Vol.1

Gespeichert in:
Bibliographische Detailangaben
1. Verfasser: Gil Brum
Format: Buch
Sprache:Undetermined
Veröffentlicht: New York John Wiley 1993
Schlagworte:
Tags: Tag hinzufügen
Keine Tags, Fügen Sie den ersten Tag hinzu!
Thư viện lưu trữ: Trung tâm Học liệu Trường Đại học Cần Thơ
LEADER 00541nam a2200205Ia 4500
001 CTU_22768
008 210402s9999 xx 000 0 und d
020 |b 98.5df 
082 |a 574 
082 |b B893/Vol.1 
100 |a Gil Brum 
245 0 |a Biology 
245 0 |b Cell biology and genetics,Exloring life. Vol.1 
245 0 |c Gil Brum,Larry McKane,Gerry Karp 
260 |a New York 
260 |b John Wiley 
260 |c 1993 
650 |a biology 
904 |i Minh, 980617 
980 |a Trung tâm Học liệu Trường Đại học Cần Thơ